Normal view
MARC view
- Shirley Ey Wu
Entry Personal Name
001 - CONTROL NUMBER
- control field: 66368
003 - CONTROL NUMBER IDENTIFIER
- control field: JO-AjAnu
005 - DATE AND TIME OF LATEST TRANSACTION
- control field: 20241020102032.0
008 - FIXED-LENGTH DATA ELEMENTS
- fixed length control field: 241020|| aca||aabn | a|a d
040 ## - CATALOGING SOURCE
- Original cataloging agency: JO-AjAnu
100 ## - HEADING--PERSONAL NAME
- Personal name: Shirley Ey Wu
- Relator term: Joint Author